LEADER 01024nam--2200361---450- 001 990000325440203316 010 $a0-7923-7736-2 035 $a0032544 035 $aUSA010032544 035 $a(ALEPH)000032544USA01 035 $a0032544 100 $a20010118d2000----km-y0itay0103----ba 101 $aeng 102 $aUS 105 $a||||||||001yy 200 1 $aMultimedia software engineerig$fShi-Kuo Chang 210 $aBoston$cKluwer Academic Publisher$dc2000 215 $a238 p$cill.$d20 cm 461 1$1001-------$12001 610 0 $aSistemi multimediali 610 0 $aSoftware$xProgrammazione 676 $a006.6 700 1$aCHANG,$bShi-Kuo$056179 801 0$aIT$bsalbc$gISBD 912 $a990000325440203316 951 $a006.6 CHA$bCBS 0025426$c006.6$d00100410 959 $aBK 969 $aSCI 979 $aTAMI$b40$c20010118$lUSA01$h1040 979 $c20020403$lUSA01$h1640 979 $aPATRY$b90$c20040406$lUSA01$h1623 996 $aMultimedia software engineerig$9879876 997 $aUNISA LEADER 01123nam a22002651i 4500 001 991003582559707536 005 20030909105511.0 008 031111s1991 xxu|||||||||||||||||eng 020 $a0313274711 035 $ab12446610-39ule_inst 035 $aARCHE-047990$9ExL 040 $aDip.to Lingue$bita$cA.t.i. Arché s.c.r.l. Pandora Sicilia s.r.l. 082 04$a810.9358 100 1 $aKostelanetz, Richard$0317496 245 10$aPolitics in the African-American novel :$bJames Weldon Johnson, W.E.B. Du Bois, Richard Wright, and Ralph Ellison /$cRichard Kostelanetz 260 $aNew York :$bGreenwood Press,$c1991 300 $aXIV, 180 p. ;$c21 cm 440 0$aContributions in Afro-American and African studies ;$v143 650 4$aLetteratura americana$xAutori africani$xVita sociale 907 $a.b12446610$b02-04-14$c13-11-03 912 $a991003582559707536 945 $aLE012 810.935 8 KOS$g1$i2012000157361$lle012$o-$pE0.00$q-$rl$s- $t0$u2$v1$w2$x0$y.i12873342$z13-11-03 996 $aPolitics in the African-American novel$9179910 997 $aUNISALENTO 998 $ale012$b13-11-03$cm$da $e-$feng$gxxu$h0$i1 LEADER 01710cam0-22004331i-450 001 990005862580403321 005 20230922164850.0 035 $a000586258 035 $aFED01000586258 035 $a(Aleph)000586258FED01 035 $a000586258 100 $a20000421d1998----km-y0itay50------ba 101 0 $aita 102 $aIT 105 $aa-------001yy 200 1 $a<>terremoto del 28 luglio 1883 a Casamicciola nell'isola d'Ischia$ela cronoca, il contesto fisico, storico e sociale, i soccorsi, la ricostruzione e le fonti documentarie del primo grande terremoto dopo l'unità d'Italia$fPresidenza del Consiglio dei Ministri. Dipartimento per i servizi tecnici nazionali. Servizio Sismico nazionale$g[responsabile editoriale ed organizzativo Roberto de Marco$gcoordinamento scientifico Giuseppe Longo] 210 $aRoma$cIstituto Poligrafico e Zecca dello Stato$d1998 215 $aXXXIV, 334 p.$cill.$d29 cm 610 0 $aTerremoti$aCasamicciola$a1883 610 0 $aTerremoti$aIschia $a1883 676 $a551.220945$v21$zita 702 1$aDe Marco,$bRoberto$f<1947- > 702 1$aLuongo,$bGiuseppe$f<1938- > 710 02$aServizio sismico nazionale$0291402 801 0$aIT$bUNINA$gRICA$2UNIMARC 901 $aBK 912 $a990005862580403321 952 $a03.681$b3397$fDARST 952 $a03.1524$b389/2017$fDARST 952 $aSEZ.NA C 671$b10459$fFARBC 952 $a551.22 SSN 1$bBIBL.28252$fFLFBC 952 $a13 D 07 07$b12717$fFINBC 952 $aDFT E25 PLAA 01$fFLFBC 959 $aDARST 959 $aFARBC 959 $aFINBC 959 $aFLFBC 996 $aTerremoto del 28 luglio 1883 a Casamicciola nell'isola d'Ischia$9164550 997 $aUNINA